| 000 | 00477nam a22001817a 4500 | ||
|---|---|---|---|
| 999 |
_c6959 _d6959 |
||
| 003 | GBCCL | ||
| 005 | 20241126110616.0 | ||
| 008 | 180704b ||||| |||| 00| 0 eng d | ||
| 020 | _a0276426142 | ||
| 040 | _cgbc | ||
| 082 |
_a503 _bREA |
||
| 110 |
_aReader's Digest _910462 |
||
| 245 | _a1000 wonders of nature | ||
| 260 |
_aLondon: _bReader's Digest Association |
||
| 300 |
_a448 p.; _bcol. ill., _c28 cm. |
||
| 650 |
_aNatural history _xMiscellanea _912382 |
||
| 942 |
_2ddc _cREF |
||